Traditional cake decorating

Bibliographic Details
Main Author: Beeton, Mrs 1936-1865
Format: Book
Published: London : Ward Lock , 1993
Subjects:

MARC

LEADER 00000cam a2200000 7i4500
001 0000004965
002 000005353
005 20000330.0
020 |a 0706371739 
090 0 0 |a 641.8653   |b ee 
100 1 |a Beeton, Mrs   |c 1936-1865 
245 1 0 |a Traditional cake decorating   |c by Mrs Beeton 
260 |a London :   |b Ward Lock ,   |c 1993 
300 |a 160p. ;   |c 24cm. 
650 0 0 |a Cake decorating 
999 |a 033152   |b BUKU   |c PINJAMAN   |e PERPUSTAKAAN KOMUNITI PETALING JAYA